000
00324nam a2200133Ia 4500
008
150301s2015 xx 000 0 und d
082
_a
661.8
_b
P13B
100
_a
ANIL BHANDARI
245
_a
TB OF PHARMACEUTICAL ORGANIC CHEMISTRY
260
_b
CBS- DELHI
300
_a
167
650
_a
ORGANIC CHEMISTRY
942
_2
ddc
_c
BK
999
_c
7171
_d
7171